000 00342cam a22001217a 4500
008 180718b1963 xxu||||| |||| 00| 0 eng d
082 _aT478 G983
100 _aGuth, Wilfried
245 _aCapital exports to less developed countries
_cby Wilfried Guth
260 _aDordrecht
_bReidel
_c1963
300 _a162p.
650 _aForeign Investments
999 _c367265
_d367265